Hieratic papyri in the British Museum. Third series, Chester Beatty gift

محفوظ في:

مؤلف مشترك: British museum (Londres)..

مؤلفون آخرون: Alan Henderson Gardiner.

التنسيق: كتاب

اللغة: Undetermined

منشور في: Britain British museum 1935

الوسوم: إضافة وسم

لا توجد وسوم, كن أول من يضع وسما على هذه التسجيلة!

رقم الطلب: (O.S)PJ1661 .B8 H5 1935

LEADER 00420nam a2200133Ia 4500
008 240404s9999||||xx |||||||||||||| ||und||
050 4 |a (O.S)PJ1661 .B8 H5 1935 
110 0 |a British museum (Londres).. 
245 1 0 |a Hieratic papyri in the British Museum. Third series, Chester Beatty gift  
264 1 |a Britain  |b British museum  |c 1935 
300 |a volumes  |c 44 
700 1 |a Alan Henderson Gardiner. 
942 |2 lcc  |c BK 
999 |c 58070  |d 58070